000 00421pam a2200157a 44500
008 230515b1971 xxu||||| |||| 00| 0 eng d
020 _aNULL
041 _aENGLISH
082 _a630
100 _a6524-1972
245 _aINSTALLATION AND OBSERVATION OF INSTRUMENTS FOR TEMPERATURE MEASUREMENTS INSIDE DAM RESISTANCE TYPE THERMOMETERS
250 _a0
260 _aDELHI
_bISI
_c1971
300 _a12
650 _aNULL
999 _c652004
_d652004